000 01250nam a2200337 i 4500
001 000030410
003 DO-SdBNP
005 20250319143650.0
007 ta
008 110517s1978 dr 000 0 spa d
020 _a8489525005
040 _aDO-SdBNP
_bspa
_cBNPHU
041 _aspa
082 4 _a015.7293054
_bI39p
_222
245 0 0 _aIndice de publicaciones periódicas de universidades dominicanas /
_ccompilado por Manuel de Jesús Roa Santana.
264 4 _aSanto Domingo :
_bINTEC,
_c©1978-.
300 _avolumenes ;
_c23 cm.
336 _atexto
_btxt
_2rdacontent
337 _asin mediación
_bn
_2rdamedia
338 _avolumen
_bnc
_2rdacarrier
490 0 _aBibliográfica
_v1-5
500 _aLa biblioteca posee v.1 (1978); v.2 (1980); v.3 (1983); v.4 (1987)
500 _aA la cabeza del título: Asociación de Bibliotecas Universitarias
590 _aInventariado, 2023/BT
650 4 _aRevistas dominicanas
_957038
651 4 _aRepública Dominicana
_xPublicaciones seriadas
_xÍndices
_957039
710 2 _aAsociación de Bibliotecas Universitarias (República Dominicana)
_957040
710 2 _aInstituto Tecnológico de Santo Domingo
_978911
910 _aValidado. Control de calidad MFF
942 _2ddc
_cLBS1
999 _c29902
_d29902